000 00594 a2200193 4500
999 _c9982
_d9982
022 _INo ISSN
050 _aKTL19 .A.35SOU 1964
100 _aFisher, D. S.
_eeditor
245 _aSouth African law reports:
_b1964 (2) June /
_cD.S. Fisher et al
264 _aCape Town:
_bJuta & Company,
_c1964.
300 _a320p. :
500 _aSouth African Law Reports
650 _aLaw reports, digests, etc. -- South Africa
651 _aSouth Africa
700 _aHanmer, N. E.
_eeditor
700 _aKoch, D. M.
_eeditor
700 _aScholtz, W. M.
_eeditor
942 _2lcc
_cSERIALS
_h19.35
_iSOU
_kKTL